[Event "Muensterland Regionalliga 2526"]
[Site "Germany"]
[Date "2026.04.18"]
[Round "8"]
[Board "1"]
[White "Diehlmann, Christian"]
[Black "Mueller, Achim"]
[Result "1/2-1/2"]
[WhiteElo "1979"]
[BlackElo "2010"]
[WhiteFideId "-1"]
[BlackFideId "-1"]
[PlyCount "37"]
[GameId "2303127048692276"]
[EventDate "2025.??.??"]
[EventType "team-tourn"]
[EventRounds "9"]
[EventCountry "GER"]
[SourceTitle "Verband Muensterland"]
[SourceDate "2025.09.21"]
[SourceVersion "1"]
[SourceVersionDate "2025.09.21"]
[SourceQuality "1"]
[WhiteTeam "Ahaus Wessum"]
[BlackTeam "Emsdetten Rochade"]
[WhiteTeamCountry "GER"]
[BlackTeamCountry "GER"]

1. d4 Nf6 2. Nf3 g6 3. c4 Bg7 4. Nc3 d5 5. e3 O-O 6. Bd3 c5 7. dxc5 dxc4 8. Bxc4 Qxd1+ 9. Kxd1 Nc6 10. Ke2 Bg4 11. Bd2 Rfd8 12. Rhd1 Ne5 13. Bb5 a6 14. Ba4 Nd3 15. Rab1 Nxc5 16. Bc2 Nd5 17. Nxd5 Rxd5 18. Bb4 Rxd1 19. Rxd1 1/2-1/2

[Event "Muensterland Regionalliga 2526"]
[Site "Germany"]
[Date "2026.04.18"]
[Round "8"]
[Board "2"]
[White "Hiller, Simon"]
[Black "Rosing, Hermann"]
[Result "1/2-1/2"]
[WhiteElo "2148"]
[BlackElo "1982"]
[WhiteFideId "-1"]
[BlackFideId "-1"]
[PlyCount "41"]
[GameId "2303127048692278"]
[EventDate "2025.??.??"]
[EventType "team-tourn"]
[EventRounds "9"]
[EventCountry "GER"]
[SourceTitle "Verband Muensterland"]
[SourceDate "2025.09.21"]
[SourceVersion "1"]
[SourceVersionDate "2025.09.21"]
[SourceQuality "1"]
[WhiteTeam "Emsdetten Rochade"]
[BlackTeam "Ahaus Wessum"]
[WhiteTeamCountry "GER"]
[BlackTeamCountry "GER"]

1. d4 d6 2. c4 e5 3. Nf3 e4 4. Ng5 f5 5. h4 Be7 6. Nc3 Nf6 7. e3 O-O 8. Be2 c6 9. Nh3 Na6 10. Nf4 Nc7 11. Qb3 Kh8 12. Bd2 Rb8 13. O-O-O Ne6 14. Nh3 d5 15. Kb1 Qd6 16. g3 dxc4 17. Bxc4 b5 18. Be2 a5 19. Rc1 a4 20. Qc2 Bd7 21. Ka1 1/2-1/2

[Event "Muensterland Regionalliga 2526"]
[Site "Germany"]
[Date "2026.04.18"]
[Round "8"]
[Board "3"]
[White "Gulik, Michal"]
[Black "Lemli, Thomas"]
[Result "1-0"]
[WhiteElo "1774"]
[BlackElo "1965"]
[WhiteFideId "-1"]
[BlackFideId "-1"]
[PlyCount "95"]
[GameId "2303127048757816"]
[EventDate "2025.??.??"]
[EventType "team-tourn"]
[EventRounds "9"]
[EventCountry "GER"]
[SourceTitle "Verband Muensterland"]
[SourceDate "2025.09.21"]
[SourceVersion "1"]
[SourceVersionDate "2025.09.21"]
[SourceQuality "1"]
[WhiteTeam "Ahaus Wessum"]
[BlackTeam "Emsdetten Rochade"]
[WhiteTeamCountry "GER"]
[BlackTeamCountry "GER"]

1. c4 e6 2. Nc3 d5 3. d4 Be7 4. e4 dxe4 5. Nxe4 Nf6 6. Nxf6+ Bxf6 7. Nf3 b6 8. g3 Bb7 9. Be3 O-O 10. Bg2 c5 11. O-O Nd7 12. Qe2 cxd4 13. Nxd4 Bxg2 14. Kxg2 Qc7 15. Rac1 a6 16. Rfd1 Rfd8 17. b4 Qb7+ 18. Qf3 Qxf3+ 19. Nxf3 Rac8 20. Rxd7 Rxd7 21. Bxb6 e5 22. Rc2 e4 23. Nd2 Rxd2 24. Rxd2 Rxc4 25. a3 h5 26. Rd5 Rc6 27. Bc5 Bb2 28. a4 Ba3 29. a5 f6 30. Rd7 Re6 31. Rb7 g6 32. Rb6 Kf7 33. Rb7+ Ke8 34. Kf1 Bb2 35. Ke2 Bc3 36. Kd1 Kd8 37. Kc2 Be1 38. Kb3 Kc8 39. Ra7 f5 40. Kc4 Kb8 41. Bb6 g5 42. Rxa6 Kb7 43. Ra7+ Kb8 44. Rf7 e3 45. fxe3 Re4+ 46. Kd3 Rxb4 47. Rxf5 g4 48. a6 1-0

[Event "Muensterland Regionalliga 2526"]
[Site "Germany"]
[Date "2026.04.18"]
[Round "8"]
[Board "4"]
[White "Delere, Adrian"]
[Black "Parameswaran, Vithushan"]
[Result "1-0"]
[WhiteElo "1823"]
[BlackElo "1895"]
[WhiteFideId "-1"]
[BlackFideId "-1"]
[PlyCount "57"]
[GameId "2303127048757818"]
[EventDate "2025.??.??"]
[EventType "team-tourn"]
[EventRounds "9"]
[EventCountry "GER"]
[SourceTitle "Verband Muensterland"]
[SourceDate "2025.09.21"]
[SourceVersion "1"]
[SourceVersionDate "2025.09.21"]
[SourceQuality "1"]
[WhiteTeam "Emsdetten Rochade"]
[BlackTeam "Ahaus Wessum"]
[WhiteTeamCountry "GER"]
[BlackTeamCountry "GER"]

1. f4 e5 2. fxe5 d6 3. exd6 Bxd6 4. Nf3 g5 5. d4 g4 6. Ng5 f5 7. e4 f4 8. e5 Qxg5 9. exd6 cxd6 10. Qe2+ Kd8 11. Qf2 Qe7+ 12. Be2 f3 13. gxf3 gxf3 14. Qxf3 Nc6 15. c3 Bd7 16. Na3 Qh4+ 17. Qg3 Qe4 18. Bg5+ Nge7 19. Kd2 Kc8 20. Nb5 Nf5 21. Nxd6+ Nxd6 22. Qxd6 Bf5 23. Rac1 Re8 24. Rhe1 Re6 25. Qf4 Qxf4+ 26. Bxf4 Ne7 27. Bc4 Rxe1 28. Rxe1 Kd7 29. Bb5+ 1-0

[Event "Muensterland Regionalliga 2526"]
[Site "Germany"]
[Date "2026.04.18"]
[Round "8"]
[Board "5"]
[White "Ter Horst, Carsten"]
[Black "Nordholt, Uwe"]
[Result "1-0"]
[WhiteElo "1873"]
[BlackElo "1766"]
[WhiteFideId "-1"]
[BlackFideId "-1"]
[PlyCount "63"]
[GameId "2303127048757820"]
[EventDate "2025.??.??"]
[EventType "team-tourn"]
[EventRounds "9"]
[EventCountry "GER"]
[SourceTitle "Verband Muensterland"]
[SourceDate "2025.09.21"]
[SourceVersion "1"]
[SourceVersionDate "2025.09.21"]
[SourceQuality "1"]
[WhiteTeam "Ahaus Wessum"]
[BlackTeam "Emsdetten Rochade"]
[WhiteTeamCountry "GER"]
[BlackTeamCountry "GER"]

1. e4 e6 2. d4 d5 3. Nd2 Nf6 4. e5 Nfd7 5. c3 c5 6. f4 Nc6 7. Ndf3 cxd4 8. cxd4 Be7 9. Bd3 Qb6 10. Ne2 f5 11. h4 Bb4+ 12. Kf2 Be7 13. h5 Nf8 14. a3 Bd7 15. Nc3 Na5 16. Rb1 Rc8 17. Rg1 Nb3 18. Be3 a5 19. g4 g6 20. gxf5 gxf5 21. Rg7 Bxa3 22. Bxf5 Bxb2 23. Nxd5 exd5 24. Bxd7+ Nxd7 25. Rxb2 a4 26. Nd2 Qh6 27. Qg4 Rc6 28. Rc2 Nbc5 29. dxc5 Rf8 30. Nf3 Rc7 31. Qg5 Nb6 32. Nd4 1-0

[Event "Muensterland Regionalliga 2526"]
[Site "Germany"]
[Date "2026.04.18"]
[Round "8"]
[Board "6"]
[White "Hemmers, Dieter"]
[Black "Ciobotaru, Andrei Rares"]
[Result "1/2-1/2"]
[WhiteElo "1778"]
[BlackElo "1703"]
[WhiteFideId "-1"]
[BlackFideId "-1"]
[PlyCount "39"]
[GameId "2303127048757822"]
[EventDate "2025.??.??"]
[EventType "team-tourn"]
[EventRounds "9"]
[EventCountry "GER"]
[SourceTitle "Verband Muensterland"]
[SourceDate "2025.09.21"]
[SourceVersion "1"]
[SourceVersionDate "2025.09.21"]
[SourceQuality "1"]
[WhiteTeam "Emsdetten Rochade"]
[BlackTeam "Ahaus Wessum"]
[WhiteTeamCountry "GER"]
[BlackTeamCountry "GER"]

1. e4 c6 2. d4 d5 3. Nc3 dxe4 4. Nxe4 Nf6 5. Nxf6+ exf6 6. c3 Bd6 7. Bd3 O-O 8. Ne2 Re8 9. O-O Nd7 10. Bf4 Nf8 11. Qd2 Ng6 12. Bg3 Be6 13. Nf4 Nxf4 14. Bxf4 Qc7 15. Bxd6 Qxd6 16. Rfe1 Rad8 17. Be4 Bd5 18. Bxd5 Qxd5 19. Rxe8+ Rxe8 20. Re1 1/2-1/2

[Event "Muensterland Regionalliga 2526"]
[Site "Germany"]
[Date "2026.04.18"]
[Round "8"]
[Board "7"]
[White "Terdues, Guido"]
[Black "Hussein, Zaman"]
[Result "0-1"]
[WhiteElo "1722"]
[BlackElo "1746"]
[WhiteFideId "-1"]
[BlackFideId "-1"]
[PlyCount "77"]
[GameId "2303127048757824"]
[EventDate "2025.??.??"]
[EventType "team-tourn"]
[EventRounds "9"]
[EventCountry "GER"]
[SourceTitle "Verband Muensterland"]
[SourceDate "2025.09.21"]
[SourceVersion "1"]
[SourceVersionDate "2025.09.21"]
[SourceQuality "1"]
[WhiteTeam "Ahaus Wessum"]
[BlackTeam "Emsdetten Rochade"]
[WhiteTeamCountry "GER"]
[BlackTeamCountry "GER"]

1. f4 d5 2. Nf3 c5 3. e3 Nf6 4. b3 Nc6 5. Bb2 e6 6. c4 Be7 7. Be2 dxc4 8. bxc4 O-O 9. O-O Qc7 10. Qe1 Qb6 11. Qc1 Rd8 12. Nc3 a6 13. Qc2 Qc7 14. Ne4 Nxe4 15. Qxe4 f5 16. Qc2 b6 17. Ne5 Nxe5 18. Bxe5 Qd7 19. d3 Bd6 20. Bb2 Bb7 21. Rad1 Rac8 22. Bf3 Bxf3 23. Rxf3 Bf8 24. Qc3 Qf7 25. Rf2 b5 26. a3 Rb8 27. Rfd2 b4 28. axb4 cxb4 29. Qe5 Bd6 30. Qa5 Qa7 31. Bd4 Qb7 32. Ra1 Ra8 33. Bb6 Rdb8 34. c5 Be7 35. Rb1 Qd5 36. d4 g5 37. Rxb4 gxf4 38. exf4 Qe4 39. Qa2 0-1

[Event "Muensterland Regionalliga 2526"]
[Site "Germany"]
[Date "2026.04.18"]
[Round "8"]
[Board "8"]
[White "Weist, Thorsten"]
[Black "Resing, Marvin"]
[Result "0-1"]
[WhiteElo "1740"]
[BlackElo "1779"]
[WhiteFideId "-1"]
[BlackFideId "-1"]
[PlyCount "80"]
[GameId "2303127048757826"]
[EventDate "2025.??.??"]
[EventType "team-tourn"]
[EventRounds "9"]
[EventCountry "GER"]
[SourceTitle "Verband Muensterland"]
[SourceDate "2025.09.21"]
[SourceVersion "1"]
[SourceVersionDate "2025.09.21"]
[SourceQuality "1"]
[WhiteTeam "Emsdetten Rochade"]
[BlackTeam "Ahaus Wessum"]
[WhiteTeamCountry "GER"]
[BlackTeamCountry "GER"]

1. d4 Nf6 2. Nf3 d5 3. c4 e6 4. Nc3 b6 5. Bg5 Be7 6. cxd5 Nxd5 7. Bxe7 Qxe7 8. e4 Nxc3 9. bxc3 O-O 10. Bd3 Bb7 11. O-O c5 12. d5 Rd8 13. c4 Nd7 14. Re1 Nf8 15. a4 Ng6 16. Qd2 h6 17. Ra3 e5 18. a5 b5 19. a6 Bc8 20. Ra5 b4 21. Qe3 Nf4 22. Bf1 Bg4 23. Rxc5 Bxf3 24. gxf3 Rd6 25. Rc6 Rxc6 26. dxc6 Rc8 27. Rd1 Rxc6 28. Qd2 Qg5+ 29. Kh1 Kh7 30. Qd8 Qh5 31. Rd6 Qxf3+ 32. Kg1 Qg4+ 33. Kh1 Qf3+ 34. Kg1 Qxe4 35. Rxc6 Qxc6 36. Qe7 Qg6+ 37. Kh1 Qe4+ 38. Kg1 b3 39. Qb7 Qc2 40. Bg2 Qb1+ 0-1

[Event "Muensterland Regionalliga 2526"]
[Site "Germany"]
[Date "2026.04.18"]
[Round "8"]
[Board "1"]
[White "Rieke, Theo"]
[Black "Hegemann, Eike"]
[Result "0-1"]
[WhiteElo "1955"]
[BlackElo "1939"]
[WhiteFideId "-1"]
[BlackFideId "-1"]
[PlyCount "90"]
[GameId "2300875563999301"]
[EventDate "2025.??.??"]
[EventType "team-tourn"]
[EventRounds "9"]
[EventCountry "GER"]
[SourceTitle "Verband Muensterland"]
[SourceDate "2025.09.21"]
[SourceVersion "1"]
[SourceVersionDate "2025.09.21"]
[SourceQuality "1"]
[WhiteTeam "Steinfurt"]
[BlackTeam "Saerbeck"]
[WhiteTeamCountry "GER"]
[BlackTeamCountry "GER"]

1. c4 Nf6 2. Nf3 e6 3. g3 d5 4. Bg2 Be7 5. O-O O-O 6. b3 c5 7. Bb2 Nc6 8. cxd5 exd5 9. d4 Bf5 10. Nc3 Qd7 11. Rc1 cxd4 12. Nxd4 Bh3 13. Na4 Rfe8 14. Nxc6 bxc6 15. Nc5 Bxc5 16. Rxc5 Ne4 17. Qd4 f6 18. Rc2 Re5 19. f3 Bxg2 20. Kxg2 Rh5 21. g4 Rh4 22. e3 Ng5 23. Qf4 h5 24. Bxf6 gxf6 25. Qxf6 Qg7 26. Qxg7+ Kxg7 27. Rxc6 hxg4 28. f4 Ne4 29. Rd1 Rah8 30. Rxd5 Rxh2+ 31. Kf1 Rh1+ 32. Ke2 R8h2+ 33. Kd3 Nf2+ 34. Kd4 Rd1+ 35. Kc4 Rxd5 36. Kxd5 Rh5+ 37. Kd4 Ra5 38. e4 Rxa2 39. Ke3 Nd1+ 40. Kd3 g3 41. f5 g2 42. Rg6+ Kf7 43. e5 Nf2+ 44. Kc4 Nh3 45. e6+ Kf8 0-1

[Event "Muensterland Regionalliga 2526"]
[Site "Germany"]
[Date "2026.04.18"]
[Round "8"]
[Board "2"]
[White "Kipp, Lucas"]
[Black "Arning, Marcus"]
[Result "1-0"]
[WhiteElo "2013"]
[BlackElo "1921"]
[WhiteFideId "-1"]
[BlackFideId "-1"]
[PlyCount "47"]
[GameId "2300877220688631"]
[EventDate "2025.??.??"]
[EventType "team-tourn"]
[EventRounds "9"]
[EventCountry "GER"]
[SourceTitle "Verband Muensterland"]
[SourceDate "2025.09.21"]
[SourceVersion "1"]
[SourceVersionDate "2025.09.21"]
[SourceQuality "1"]
[WhiteTeam "Saerbeck"]
[BlackTeam "Steinfurt"]
[WhiteTeamCountry "GER"]
[BlackTeamCountry "GER"]

1. e4 e5 2. Nf3 Nc6 3. Bc4 Nf6 4. d3 d5 5. exd5 Nxd5 6. h3 Nb6 7. Bb3 Bf5 8. Nc3 a5 9. a4 Bd6 10. Be3 Nd7 11. Ng5 Bg6 12. Nce4 Be7 13. Qf3 O-O 14. h4 Nd4 15. Bxd4 exd4 16. O-O-O h6 17. Qf4 hxg5 18. hxg5 Bxe4 19. Qxe4 Bxg5+ 20. Kb1 Bh6 21. Rxh6 gxh6 22. Qg6+ Kh8 23. Qxh6+ Kg8 24. Qg6+ 1-0

[Event "Muensterland Regionalliga 2526"]
[Site "Germany"]
[Date "2026.04.18"]
[Round "8"]
[Board "3"]
[White "Stoeckmann, Helmut"]
[Black "Waltermann, Jens"]
[Result "1/2-1/2"]
[WhiteElo "1855"]
[BlackElo "1812"]
[WhiteFideId "-1"]
[BlackFideId "-1"]
[PlyCount "47"]
[GameId "2300878218364073"]
[EventDate "2025.??.??"]
[EventType "team-tourn"]
[EventRounds "9"]
[EventCountry "GER"]
[SourceTitle "Verband Muensterland"]
[SourceDate "2025.09.21"]
[SourceVersion "1"]
[SourceVersionDate "2025.09.21"]
[SourceQuality "1"]
[WhiteTeam "Steinfurt"]
[BlackTeam "Saerbeck"]
[WhiteTeamCountry "GER"]
[BlackTeamCountry "GER"]

1. c4 Nf6 2. Nc3 c5 3. e4 Nc6 4. g3 d6 5. Bg2 g6 6. Nge2 Bg7 7. O-O O-O 8. d3 e5 9. f4 Nd4 10. h3 Rb8 11. g4 Ne8 12. Be3 a6 13. Rc1 f6 14. b3 b5 15. Qd2 b4 16. Nd5 Nc7 17. Nxd4 exd4 18. Bf2 f5 19. exf5 gxf5 20. g5 Bb7 21. Nxc7 Qxc7 22. Rfe1 Bxg2 23. Kxg2 Rbe8 24. Rxe8 1/2-1/2

[Event "Muensterland Regionalliga 2526"]
[Site "Germany"]
[Date "2026.04.18"]
[Round "8"]
[Board "4"]
[White "Hoge, Reinhard"]
[Black "Bahceci, Caner"]
[Result "0-1"]
[WhiteElo "1854"]
[BlackElo "1831"]
[WhiteFideId "-1"]
[BlackFideId "-1"]
[PlyCount "54"]
[GameId "2300879044249064"]
[EventDate "2025.??.??"]
[EventType "team-tourn"]
[EventRounds "9"]
[EventCountry "GER"]
[SourceTitle "Verband Muensterland"]
[SourceDate "2025.09.21"]
[SourceVersion "1"]
[SourceVersionDate "2025.09.21"]
[SourceQuality "1"]
[WhiteTeam "Saerbeck"]
[BlackTeam "Steinfurt"]
[WhiteTeamCountry "GER"]
[BlackTeamCountry "GER"]

1. c4 Nf6 2. Nc3 c5 3. g3 e6 4. Nf3 d5 5. cxd5 exd5 6. d4 Nc6 7. Bg2 Bf5 8. O-O Be7 9. Bg5 O-O 10. dxc5 d4 11. Na4 h6 12. Bxf6 Bxf6 13. Qb3 Qa5 14. Nh4 Bh7 15. Qxb7 Ne5 16. Qb3 Rab8 17. Qd1 Rb4 18. b3 d3 19. exd3 Nxd3 20. a3 Rxa4 21. bxa4 Bxa1 22. Qxa1 Qxc5 23. Qa2 Rb8 24. Bd5 Qe7 25. Rb1 Rxb1+ 26. Qxb1 g5 27. Nf3 Qc5 0-1

[Event "Muensterland Regionalliga 2526"]
[Site "Germany"]
[Date "2026.04.18"]
[Round "8"]
[Board "5"]
[White "Plotz, Noah"]
[Black "Bartsch, Rainer"]
[Result "1-0"]
[WhiteElo "1861"]
[BlackElo "1663"]
[WhiteFideId "-1"]
[BlackFideId "-1"]
[PlyCount "93"]
[GameId "2300879819962122"]
[EventDate "2025.??.??"]
[EventType "team-tourn"]
[EventRounds "9"]
[EventCountry "GER"]
[SourceTitle "Verband Muensterland"]
[SourceDate "2025.09.21"]
[SourceVersion "1"]
[SourceVersionDate "2025.09.21"]
[SourceQuality "1"]
[WhiteTeam "Steinfurt"]
[BlackTeam "Saerbeck"]
[WhiteTeamCountry "GER"]
[BlackTeamCountry "GER"]

1. c4 e5 2. Nc3 Nf6 3. Nf3 e4 4. Ng5 c6 5. Ngxe4 Nxe4 6. Nxe4 d5 7. cxd5 cxd5 8. Ng3 h5 9. e3 h4 10. Ne2 Nc6 11. d4 Bf5 12. Nc3 Bb4 13. Bd2 O-O 14. Be2 Rc8 15. O-O Re8 16. Bf3 Bxc3 17. Bxc3 Qd7 18. Rc1 Rc7 19. b4 b5 20. a3 Rec8 21. Bb2 Ne7 22. Rc5 a6 23. Qe2 Qe6 24. Rfc1 Rc6 25. Qd1 Be4 26. Bxe4 Qxe4 27. Qc2 Qe6 28. h3 Kh8 29. a4 Rxc5 30. dxc5 Nc6 31. axb5 axb5 32. Ra1 Qe4 33. Qxe4 dxe4 34. Bc3 f6 35. Ra6 Rc7 36. Rb6 Na7 37. Re6 f5 38. Be5 Rf7 39. c6 Kg8 40. c7 Nc8 41. Rc6 Rf8 42. Bd4 Rf7 43. Rc5 g6 44. Be5 Re7 45. Rxb5 Kf7 46. Rb8 Rxe5 47. Rxc8 1-0

[Event "Muensterland Regionalliga 2526"]
[Site "Germany"]
[Date "2026.04.18"]
[Round "8"]
[Board "6"]
[White "Bloemker, Stephan"]
[Black "Janning, Rainer"]
[Result "1/2-1/2"]
[WhiteElo "1554"]
[BlackElo "1826"]
[WhiteFideId "-1"]
[BlackFideId "-1"]
[PlyCount "88"]
[GameId "2300881235396800"]
[EventDate "2025.??.??"]
[EventType "team-tourn"]
[EventRounds "9"]
[EventCountry "GER"]
[SourceTitle "Verband Muensterland"]
[SourceDate "2025.09.21"]
[SourceVersion "1"]
[SourceVersionDate "2025.09.21"]
[SourceQuality "1"]
[WhiteTeam "Saerbeck"]
[BlackTeam "Steinfurt"]
[WhiteTeamCountry "GER"]
[BlackTeamCountry "GER"]

1. Nf3 d5 2. g3 c6 3. Bg2 Bg4 4. O-O Nd7 5. h3 Bh5 6. d4 e6 7. c4 Ngf6 8. Ne5 Nxe5 9. dxe5 Nd7 10. f4 Bg6 11. Nc3 f5 12. cxd5 cxd5 13. Be3 a6 14. a3 Bc5 15. Bxc5 Nxc5 16. b4 Nd7 17. Rc1 Nb6 18. Qd4 O-O 19. Kh2 Rc8 20. Rfd1 Bf7 21. Bf1 Rc4 22. Qd2 Rc8 23. e3 Bh5 24. Re1 Be8 25. Bd3 Rf7 26. Ne2 Rfc7 27. Nd4 Bd7 28. Nb3 Nc4 29. Bxc4 Rxc4 30. Nc5 Rxc1 31. Rxc1 Rc7 32. Nb3 b6 33. Rxc7 Qxc7 34. Qc1 Qc4 35. Qxc4 dxc4 36. Nd4 Kf7 37. Ne2 Bc6 38. Kg1 Kg6 39. Kf2 Kf7 40. Nc3 b5 41. Ne2 Bb7 42. Nc3 Bc6 43. Ne2 Ke7 44. Nd4 Bb7 1/2-1/2

[Event "Muensterland Regionalliga 2526"]
[Site "Germany"]
[Date "2026.04.18"]
[Round "8"]
[Board "7"]
[White "Thomas, Wolfgang1"]
[Black "Roos, Wilfried"]
[Result "1/2-1/2"]
[WhiteElo "1729"]
[BlackElo "1608"]
[WhiteFideId "-1"]
[BlackFideId "-1"]
[PlyCount "26"]
[GameId "2300882365258341"]
[EventDate "2025.??.??"]
[EventType "team-tourn"]
[EventRounds "9"]
[EventCountry "GER"]
[SourceTitle "Verband Muensterland"]
[SourceDate "2025.09.21"]
[SourceVersion "1"]
[SourceVersionDate "2025.09.21"]
[SourceQuality "1"]
[WhiteTeam "Steinfurt"]
[BlackTeam "Saerbeck"]
[WhiteTeamCountry "GER"]
[BlackTeamCountry "GER"]

1. e4 c5 2. d4 cxd4 3. c3 d6 4. cxd4 g6 5. Nc3 Bg7 6. Be3 Nf6 7. h3 O-O 8. Nf3 a6 9. Rc1 b5 10. a3 Bb7 11. Bd3 Nbd7 12. O-O Rc8 13. Bb1 e5 1/2-1/2

[Event "Muensterland Regionalliga 2526"]
[Site "Germany"]
[Date "2026.04.18"]
[Round "8"]
[Board "8"]
[White "Welzel, Wilhelm"]
[Black "Terhorst, Timo"]
[Result "1/2-1/2"]
[WhiteElo "1502"]
[BlackElo "1650"]
[WhiteFideId "-1"]
[BlackFideId "-1"]
[PlyCount "114"]
[GameId "2300882785069859"]
[EventDate "2025.??.??"]
[EventType "team-tourn"]
[EventRounds "9"]
[EventCountry "GER"]
[SourceTitle "Verband Muensterland"]
[SourceDate "2025.09.21"]
[SourceVersion "1"]
[SourceVersionDate "2025.09.21"]
[SourceQuality "1"]
[WhiteTeam "Saerbeck"]
[BlackTeam "Steinfurt"]
[WhiteTeamCountry "GER"]
[BlackTeamCountry "GER"]

1. e4 Nc6 2. Nf3 e5 3. Bc4 Nf6 4. d3 Bc5 5. c3 O-O 6. O-O d5 7. exd5 Nxd5 8. Bg5 Nf6 9. Nbd2 Bf5 10. Qe2 Re8 11. Ne4 Bxe4 12. dxe4 a6 13. Bxf7+ Kxf7 14. Qc4+ Kf8 15. Qxc5+ Qd6 16. Qxd6+ cxd6 17. Bxf6 gxf6 18. Rad1 Rad8 19. Nh4 Ne7 20. f4 Kf7 21. g4 Rg8 22. h3 h5 23. fxe5 dxe5 24. Rxd8 Rxd8 25. g5 Rd6 26. Rxf6+ Rxf6 27. gxf6 Kxf6 28. Kf2 Kg5 29. Kg3 Kf6 30. Kf3 Kg5 31. Kg3 Kf6 32. Ng2 Kg5 33. h4+ Kf6 34. Ne3 Ke6 35. Kf3 b5 36. a3 a5 37. c4 b4 38. axb4 axb4 39. Nd5 Nc6 40. Ke3 b3 41. Kd3 Nd4 42. Ne3 Nf3 43. Ng2 Kd6 44. Kc3 Kc5 45. Kd3 Kb4 46. Ne3 Nxh4 47. Nd5+ Kc5 48. Nf6 Ng6 49. Nxh5 Kb4 50. c5 Kxc5 51. Kc3 Nf4 52. Nf6 Ne6 53. Kxb3 Kd4 54. Ka4 Nc5+ 55. Ka5 Nxe4 56. Nxe4 Kxe4 57. b4 Kd3 1/2-1/2

[Event "Muensterland Regionalliga 2526"]
[Site "Germany"]
[Date "2026.05.09"]
[Round "9"]
[Board "1"]
[White "Mueller, Achim"]
[Black "Schroer, Klaus"]
[Result "0-1"]
[WhiteElo "2010"]
[BlackElo "2095"]
[WhiteFideId "-1"]
[BlackFideId "-1"]
[PlyCount "92"]
[GameId "2315516184370156"]
[EventDate "2025.??.??"]
[EventType "team-tourn"]
[EventRounds "9"]
[EventCountry "GER"]
[SourceTitle "Verband Muensterland"]
[SourceDate "2025.09.21"]
[SourceVersion "1"]
[SourceVersionDate "2025.09.21"]
[SourceQuality "1"]
[WhiteTeam "Emsdetten Rochade"]
[BlackTeam "Borken"]
[WhiteTeamCountry "GER"]
[BlackTeamCountry "GER"]

1. e4 e5 2. Nf3 Nc6 3. Bc4 Nf6 4. d3 Bc5 5. c3 d6 6. b4 Bb6 7. a4 a5 8. b5 Ne7 9. O-O O-O 10. Nbd2 Ng6 11. d4 exd4 12. cxd4 Bg4 13. Qb3 c6 14. e5 d5 15. Bd3 Ne4 16. Nxe4 Bxf3 17. Bg5 Qb8 18. Nd2 Bg4 19. h3 Be6 20. Nf3 c5 21. Bxg6 fxg6 22. Be7 c4 23. Qe3 Rf5 24. Bd6 Qc8 25. Rac1 Qd7 26. g4 Rxf3 27. Qxf3 h5 28. gxh5 gxh5 29. Qxh5 Bxh3 30. Rfe1 Bxd4 31. Qh4 Bb6 32. Rc3 Bf5 33. Qg5 Re8 34. Rg3 d4 35. Qf4 c3 36. Rf3 d3 37. Qc4+ Qe6 38. Qxc3 Qg6+ 39. Kf1 Qh7 40. Qc4+ Kh8 41. Kg2 d2 42. Rd1 Be4 43. Qf7 Rc8 44. Rxd2 Qh4 45. Kf1 Qh1+ 46. Ke2 Rc1 0-1

[Event "Muensterland Regionalliga 2526"]
[Site "Germany"]
[Date "2026.05.09"]
[Round "9"]
[Board "3"]
[White "Lemli, Thomas"]
[Black "Beckmann, David"]
[Result "1/2-1/2"]
[WhiteElo "1965"]
[BlackElo "2029"]
[WhiteFideId "-1"]
[BlackFideId "-1"]
[PlyCount "108"]
[GameId "2315516184370160"]
[EventDate "2025.??.??"]
[EventType "team-tourn"]
[EventRounds "9"]
[EventCountry "GER"]
[SourceTitle "Verband Muensterland"]
[SourceDate "2025.09.21"]
[SourceVersion "1"]
[SourceVersionDate "2025.09.21"]
[SourceQuality "1"]
[WhiteTeam "Emsdetten Rochade"]
[BlackTeam "Borken"]
[WhiteTeamCountry "GER"]
[BlackTeamCountry "GER"]

1. d4 d5 2. Nf3 Nf6 3. c3 e6 4. Bf4 c5 5. e3 Nc6 6. Nbd2 Qb6 7. Qb3 Be7 8. Be2 O-O 9. O-O Nd7 10. Rfd1 Re8 11. Bg3 cxd4 12. exd4 Qxb3 13. axb3 Nb6 14. b4 a6 15. Bc7 Bd8 16. Bxd8 Rxd8 17. b5 axb5 18. Rxa8 Nxa8 19. Bxb5 Ne7 20. Ra1 Nc7 21. Bd3 f6 22. b4 Bd7 23. Ra7 Rb8 24. Nb3 Bb5 25. Bc2 Na6 26. Na5 Bc6 27. b5 Bxb5 28. Rxb7 Rxb7 29. Nxb7 Nc8 30. Nd2 Nc7 31. f4 h6 32. Kf2 Kf8 33. Ke3 Ke7 34. Nc5 Nd6 35. g3 Bc4 36. Bd3 Bxd3 37. Kxd3 Ncb5 38. c4 dxc4+ 39. Nxc4 Nf5 40. Nb3 h5 41. Ncd2 Nc7 42. Ne4 Nd5 43. Nbd2 Nde3 44. Nf3 Nd5 45. Nfd2 Nde3 46. Nf3 Nd5 47. Nfd2 Nb4+ 48. Kc3 Nc6 49. Nf3 Ne3 50. Kd3 Nd5 51. Kc4 Ncb4 52. Nc5 Nc2 53. Kd3 Ncb4+ 54. Kc4 Nc2 1/2-1/2

[Event "Muensterland Regionalliga 2526"]
[Site "Germany"]
[Date "2026.05.09"]
[Round "9"]
[Board "4"]
[White "Boldrick, Marcel"]
[Black "Nordholt, Uwe"]
[Result "1/2-1/2"]
[WhiteElo "1864"]
[BlackElo "1766"]
[WhiteFideId "-1"]
[BlackFideId "-1"]
[PlyCount "39"]
[GameId "2315516184370162"]
[EventDate "2025.??.??"]
[EventType "team-tourn"]
[EventRounds "9"]
[EventCountry "GER"]
[SourceTitle "Verband Muensterland"]
[SourceDate "2025.09.21"]
[SourceVersion "1"]
[SourceVersionDate "2025.09.21"]
[SourceQuality "1"]
[WhiteTeam "Borken"]
[BlackTeam "Emsdetten Rochade"]
[WhiteTeamCountry "GER"]
[BlackTeamCountry "GER"]

1. e4 e6 2. b3 d5 3. Bb2 c5 4. exd5 exd5 5. Bb5+ Bd7 6. Qe2+ Qe7 7. Nc3 Nf6 8. Bxd7+ Kxd7 9. O-O-O Qxe2 10. Ncxe2 Bd6 11. Ng3 Bxg3 12. hxg3 d4 13. c3 Nc6 14. Nf3 Ng4 15. Rdf1 dxc3 16. dxc3 f6 17. Rh4 h5 18. Nd2 Rae8 19. f3 Nge5 20. Ne4 1/2-1/2